00390nam a22001577a 4500003000500000005001700005008004100022020001800063040000600081082001800087100004300105245002600148260003000174300000900204650001900213CEME20210628210246.0210216b xxu||||| |||| 00| 0 eng d a969-0-01535-4 c. a891.49142 AKH aAkhtar Lahori, Sain Sain Akhtar Lahori aAllah mian thalay aaa aLAHOREbFEROZE SONSc1999 a168P aPUNJABI POETRY